Bandeiras de países na Copa do Mundo 2018 - Statistics

Estatísticas Gerais
  • Esse quiz foi jogado 366 vezes
  • A pontuação média é 15 de 15
Estatísticas das Respostas
Imagem Resposta % Correto
Brasil
100%
França
100%
Alemanha
99%
Austrália
99%
Bélgica
99%
Japão
99%
Rússia
99%
Coreia do Sul
98%
Dinamarca
98%
Suécia
98%
Arábia Saudita
97%
Egito
97%
Inglaterra
96%
Marrocos
96%
Islândia
94%
Nenhum quiz correspondente encontrado
Distribuição das Pontuações
Porcentagem de Pessoas com Cada Pontuação
Percentil de Números Respondidos
Sua Pontuação Histórica
Você não jogou esse quiz